00287pab a2200121 454500008004600000100001400046245002600060260001500086300001300101362001400114650001100128773002600139180718b2011- 2012 xxu||||| |||| 00| 0 eng d aDas, P.M. aHumanising the police c2011- 2012 ap.12-21. aOct - Jan aPolice aIndian Police Journal